AWS Certified Solutions Architect Study Guide (Record no. 6825)
[ view plain ]
| 005 - DATE AND TIME OF LATEST TRANSACTION | |
|---|---|
| control field | 20260314083916.0 |
| 020 ## - INTERNATIONAL STANDARD BOOK NUMBER | |
| International Standard Book Number | 9781119713081 |
| 100 ## - MAIN ENTRY--PERSONAL NAME | |
| Author name | PIPER,B |
| 245 ## - TITLE STATEMENT | |
| Title | AWS Certified Solutions Architect Study Guide |
| 250 ## - EDITION STATEMENT | |
| Edition statement | 3rd Ed |
| 260 ## - PUBLICATION, DISTRIBUTION, ETC. | |
| Place of publication, distribution, etc. | Indiana |
| Name of publisher, distributor, etc. | SYBEX |
| Date of publication, distribution, etc. | 2021 |
| 300 ## - PHYSICAL DESCRIPTION | |
| Extent | xxxv,427p;ill:pictures,tables |
| Other physical details | Apendix |
| Dimensions | 23.5cm |
| 700 ## - ADDED ENTRY--PERSONAL NAME | |
| Other authors/Editors | CLINTON,D |
| 942 ## - ADDED ENTRY ELEMENTS (KOHA) | |
| Source of classification or shelving scheme | Dewey Decimal Classification |
| Koha item type | Books |
| Date last seen | Total checkouts | Full call number | Barcode | Cost, replacement price | Price effective from | Koha item type | Lost status | Source of classification or shelving scheme | Damaged status | Not for loan | Withdrawn status | Home library | Current library | Shelving location | Date acquired | Source of acquisition | Cost, normal purchase price |
|---|---|---|---|---|---|---|---|---|---|---|---|---|---|---|---|---|---|
| 03/14/2026 | 004.607 PIP | MBY0001113 | 256200.00 | 03/14/2026 | Books | Dewey Decimal Classification | CBE MBEYA | CBE MBEYA | Special Reserve Collection | 02/23/2026 | DONATION | 85400.00 | |||||
| 03/14/2026 | 004.607 PIP | MBY0001114 | 256200.00 | 03/14/2026 | Books | Dewey Decimal Classification | CBE MBEYA | CBE MBEYA | General Collection | 02/23/2026 | DONATION | 85400.00 |
